000 00844na a2200229 4500
001 13659
003 MIRAKIL
005 20181213154838.0
008 160817b tu 000 0
020 _a9751918898
035 _a13659
040 _aMilas
_btur
_cTR-AnCHP
082 _a331.4
_bA57t 1997
090 _a331.4 A57t 1996
100 _aAnsal, Hacer
245 _aTeknolojik gelişmelerin sanayide kadın istihdamına etkileri :
_bTürk tekstil ve elektronik sanayilerinde teknolojik değişim ve kadın istihdamı
_cHacer Ansal
246 _aTürk tekstil ve elektronik sanayilerinde teknolojik değişim ve kadın istihdamı
260 _aAnkara
_bT.C. Başbakanlık Kadının Statüsü ve Sorunları Genel Müdürlüğü
_c1996
300 _a64 s.
_btbl.
_c23 sm.
650 _aKadınlar
_xİstihdam
_zTürkiye
942 _2ddc
_cBKS
999 _c1882
_d1882